<?xml version="1.0" encoding="UTF-8"?>
<record
    xmlns:xsi="http://www.w3.org/2001/XMLSchema-instance"
    xsi:schemaLocation="http://www.loc.gov/MARC21/slim http://www.loc.gov/standards/marcxml/schema/MARC21slim.xsd"
    xmlns="http://www.loc.gov/MARC21/slim">

  <leader>00447nam a22001577a 4500</leader>
  <controlfield tag="005">20251127111936.0</controlfield>
  <controlfield tag="008">251127b        |||||||| |||| 00| 0 eng d</controlfield>
  <datafield tag="020" ind1=" " ind2=" ">
    <subfield code="a">81-7169-652-X</subfield>
  </datafield>
  <datafield tag="050" ind1=" " ind2=" ">
    <subfield code="a">KSK 2399.M37 2001</subfield>
  </datafield>
  <datafield tag="100" ind1=" " ind2=" ">
    <subfield code="a">MARKANDAN K.C</subfield>
  </datafield>
  <datafield tag="245" ind1=" " ind2=" ">
    <subfield code="a">VERDICT ON OUTRAGED CONSTITUTION</subfield>
    <subfield code="b">DISTORTED PERCEPTION OF OUR CONSITITUONAL FRAMEWORK</subfield>
  </datafield>
  <datafield tag="250" ind1=" " ind2=" ">
    <subfield code="a">1st</subfield>
  </datafield>
  <datafield tag="260" ind1=" " ind2=" ">
    <subfield code="a">NEW DELHI</subfield>
    <subfield code="b">COMMONWEALTH</subfield>
    <subfield code="c">2001</subfield>
  </datafield>
  <datafield tag="300" ind1=" " ind2=" ">
    <subfield code="a">X,317</subfield>
  </datafield>
  <datafield tag="942" ind1=" " ind2=" ">
    <subfield code="2">lcc</subfield>
    <subfield code="c">BK</subfield>
  </datafield>
  <datafield tag="999" ind1=" " ind2=" ">
    <subfield code="c">216306</subfield>
    <subfield code="d">216306</subfield>
  </datafield>
  <datafield tag="952" ind1=" " ind2=" ">
    <subfield code="0">0</subfield>
    <subfield code="1">0</subfield>
    <subfield code="2">lcc</subfield>
    <subfield code="4">0</subfield>
    <subfield code="6">KSK2399 M37  02001</subfield>
    <subfield code="7">0</subfield>
    <subfield code="8">LAW</subfield>
    <subfield code="9">373771</subfield>
    <subfield code="a">KSUL</subfield>
    <subfield code="b">KSUL</subfield>
    <subfield code="c">DISPLAY</subfield>
    <subfield code="d">2025-11-27</subfield>
    <subfield code="i">110212</subfield>
    <subfield code="l">0</subfield>
    <subfield code="o">KSK 2399.M37 2001</subfield>
    <subfield code="p">000000022942</subfield>
    <subfield code="r">2025-11-27 11:20:20</subfield>
    <subfield code="t">C.2</subfield>
    <subfield code="w">2025-11-27</subfield>
    <subfield code="y">BK</subfield>
  </datafield>
  <datafield tag="952" ind1=" " ind2=" ">
    <subfield code="0">0</subfield>
    <subfield code="1">0</subfield>
    <subfield code="2">lcc</subfield>
    <subfield code="4">0</subfield>
    <subfield code="6">KSK2399 M37  02001</subfield>
    <subfield code="7">0</subfield>
    <subfield code="8">LAW</subfield>
    <subfield code="9">373772</subfield>
    <subfield code="a">KSUL</subfield>
    <subfield code="b">KSUL</subfield>
    <subfield code="c">DISPLAY</subfield>
    <subfield code="d">2025-11-27</subfield>
    <subfield code="i">110213</subfield>
    <subfield code="l">0</subfield>
    <subfield code="o">KSK 2399.M37 2001</subfield>
    <subfield code="p">000000008080</subfield>
    <subfield code="r">2025-11-27 11:20:00</subfield>
    <subfield code="t">C.3</subfield>
    <subfield code="w">2025-11-27</subfield>
    <subfield code="y">BK</subfield>
  </datafield>
  <datafield tag="952" ind1=" " ind2=" ">
    <subfield code="0">0</subfield>
    <subfield code="1">0</subfield>
    <subfield code="2">lcc</subfield>
    <subfield code="4">0</subfield>
    <subfield code="6">KSK2399 M37  02001</subfield>
    <subfield code="7">0</subfield>
    <subfield code="8">LAW</subfield>
    <subfield code="9">373773</subfield>
    <subfield code="a">KSUL</subfield>
    <subfield code="b">KSUL</subfield>
    <subfield code="c">DISPLAY</subfield>
    <subfield code="d">2025-11-27</subfield>
    <subfield code="i">110211</subfield>
    <subfield code="l">0</subfield>
    <subfield code="o">KSK 2399.M37 2001</subfield>
    <subfield code="p">000000008081</subfield>
    <subfield code="r">2025-11-27 11:20:00</subfield>
    <subfield code="t">C.1</subfield>
    <subfield code="w">2025-11-27</subfield>
    <subfield code="y">BK</subfield>
  </datafield>
</record>
